000 00379nam a22001457a 4500
003 OSt
008 200710b ||||| |||| 00| 0 eng d
100 _aBOTHARA , K.G.
245 _aTextbook of Pharmaceutical Organic Chemistry-II
250 _a2019
260 _aN Delhi
_bNirali Prakashan
_c2019
300 _a6.5
650 _aPharmaceutical Organic Chemistry
942 _2ddc
_cBK
999 _c8799
_d8799